Vteřinové pohledy na venkovní reklamu

Zhrnutie pojmu vonkajšia reklama (outdoorová). Billboard - najčastejšie užívaný formát. Kritériá výberu. Vonkajšia reklama a jej negatívny dopad. Hlavný problém reklamných nosičov.

Saved in:
Bibliographic Details
Main Author: Kalát, Karel
Format: Book Chapter
Language:Czech
Subjects:
Tags: Add Tag
No Tags, Be the first to tag this record!

MARC

LEADER 00000naa$a2200000$$$4500
001 0004370
005 20231004101133.0
041 0 |a cze 
044 |a CZ 
245 1 0 |a Vteřinové pohledy na venkovní reklamu  |c aut. Karel Kalát 
520 |a Zhrnutie pojmu vonkajšia reklama (outdoorová). Billboard - najčastejšie užívaný formát. Kritériá výberu. Vonkajšia reklama a jej negatívny dopad. Hlavný problém reklamných nosičov. 
610 2 0 |a reklama 
610 2 0 |a reklama vonkajšia 
610 2 0 |a komunikácia masová 
610 2 0 |a propagácia 
100 1 |a Kalát, Karel